| 000 | 00785nmm a2200289 a 4500 | ||
|---|---|---|---|
| 003 | AR-BaBNM | ||
| 005 | 20251128211518.0 | ||
| 008 | 214120s2000 ||||||||||||||000 | spa|| | ||
| 020 | _a987-98339-0-2 | ||
| 040 | _cAR-BaBNM | ||
| 100 | 1 | _aBialet, Graciela | |
| 245 | 1 | 0 | _aSan farrancho y otros cuentos |
| 260 |
_aCórdoba _bCB Ediciones _c2000 |
||
| 300 |
_a23 p. _bil. col. |
||
| 650 | 4 | _aLITERATURA CONTEMPORANEA | |
| 650 | 4 | _aLITERATURA ARGENTINA | |
| 650 | 4 | _aLITERATURA INFANTIL | |
| 650 | 4 | _aLIBROS PARA NINOS | |
| 650 | 4 | _aCUENTOS | |
| 655 | _aLITERATURA | ||
| 700 | 1 |
_aBialet, Julián _eilustrador |
|
| 700 | 1 |
_aCarranza, Claudia _eilustrador |
|
| 700 | 1 |
_aSerrot, Ana _eilustrador |
|
| 700 | 1 |
_aTarulli, Andrea _eilustrador |
|
| 942 | _cBK | ||
| 998 | _cEugenia | ||
| 999 |
_c19967 _d19967 |
||